RPH Ltd v Mirror Group (Holdings) Ltd and others (Record no. 32500)
[ view plain ]
| 000 -LEADER | |
|---|---|
| fixed length control field | 01640cab a2200253 4500 |
| 001 - CONTROL NUMBER | |
| control field | Z3334 |
| 008 - FIXED-LENGTH DATA ELEMENTS--GENERAL INFORMATION | |
| fixed length control field | 090401t1993 xxu||||| |||| 00| 0 eng d |
| 035 ## - SYSTEM CONTROL NUMBER | |
| System control number | (Sirsi) u52487 |
| 041 ## - LANGUAGE CODE | |
| Language code of text/sound track or separate title | eng |
| 245 ## - TITLE STATEMENT | |
| Title | RPH Ltd v Mirror Group (Holdings) Ltd and others |
| 260 ## - PUBLICATION, DISTRIBUTION, ETC. | |
| Date of publication, distribution, etc. | 1993 |
| 350 ## - PRICE (NR) (BK AM CF MU VM SE) [OBSOLETE] | |
| Price | 0 |
| 490 ## - SERIES STATEMENT | |
| Series statement | Estates Gazette |
| Volume/sequential designation | 1993 13 EG 113-115(3) |
| 520 ## - SUMMARY, ETC. | |
| Summary, etc. | ChD 28 October 1992. Raises question of whether original tenant R is entitled to orders against administrator of insolvent assignee requiring assignment or enforcement of covenant by insolvent assignee to payment. The lease on Orbit House has been assigned three times. M has paid no rent since Christmas 1991. Landlord Robert Maxwell Estates Ltd (RME) has issued writ to R to pay rent arrears. The underlease being registered land under the Land Registration Act 1925 implied a covenant under s24(1)(b) upon transferee at each assignment to pay the rent. R requested firstly that the administrators of MGH should assign the benefit of MG Newspaper`s covenant with MGH to pay rent to R, secondly an order directing the administrators of MGH to bring proceedings against MG Newspapers requiring it to pay rent to the landlord. R also applied for leave under s11 of the Insolvency act 1986 to commence proceedings against MGH claiming as relief an order that it institute against MG Newspapers such p |
| 650 ## - SUBJECT ADDED ENTRY--TOPICAL TERM | |
| Topical term or geographic name entry element | COVENANT |
| 650 ## - SUBJECT ADDED ENTRY--TOPICAL TERM | |
| Topical term or geographic name entry element | Insolvency |
| 9 (RLIN) | 6247 |
| 650 ## - SUBJECT ADDED ENTRY--TOPICAL TERM | |
| Topical term or geographic name entry element | LEASES |
| 650 ## - SUBJECT ADDED ENTRY--TOPICAL TERM | |
| Topical term or geographic name entry element | MIRROR GROUP NEWSPAPERS |
| 650 ## - SUBJECT ADDED ENTRY--TOPICAL TERM | |
| Topical term or geographic name entry element | ORIGINAL TENANT |
| 650 ## - SUBJECT ADDED ENTRY--TOPICAL TERM | |
| Topical term or geographic name entry element | PRIVITY OF CONTRACT |
| 690 ## - LOCAL SUBJECT ADDED ENTRY--TOPICAL TERM (OCLC, RLIN) | |
| Topical term or geographic name as entry element | LANDLORD AND TENANT-BUSINESS TENANCIES |
| 942 ## - ADDED ENTRY ELEMENTS (KOHA) | |
| Suppress in OPAC | 0 |
| 948 ## - LOCAL PROCESSING INFORMATION (OCLC); SERIES PART DESIGNATOR (RLIN) | |
| c (OCLC) | 04/03/1997 |
| Withdrawn status | Lost status | Source of classification or shelving scheme | Damaged status | Not for loan | Home library | Current library | Shelving location | Date acquired | Total Checkouts | Full call number | Barcode | Date last seen | Copy number | Price effective from | Koha item type |
|---|---|---|---|---|---|---|---|---|---|---|---|---|---|---|---|
| Dewey Decimal Classification | London | London | Journal article | 14/09/1999 | Z3334 | 52487-1001 | 06/08/2019 | 1 | 06/08/2019 | Law report |